Ulice w Gdańsku zaczynające się na H - Statystyki

Ogólne statystyki
  • Ten quiz został rozwiązany 16 razy
  • Średni wynik to 4 z 36
Statystyki odpowiedzi
Odpowiedź % Poprawnych
Helska
50%
Hery
50%
Hiacyntowa
50%
Horacego
33%
Hallera
17%
Harfowa
17%
Heleny
17%
Heliosa
17%
Herkulesa
17%
Heweliusza
17%
Hoene
17%
Hokejowa
17%
Homera
17%
Horeszków
17%
Husa
17%
Hynka
17%
Handlowa
0%
Hausbrandta
0%
Havla
0%
Hebanowskiego
0%
Hemara
0%
Herberta
0%
Herbowa
0%
Herlinga-Grudzińskiego
0%
Hermesa
0%
Herosa
0%
Hestii
0%
Hirszfelda
0%
Hoene-Wrońskiego
0%
Hołdu Pruskiego
0%
Hoża
0%
Hrabowskiej
0%
Hubala
0%
Hucisko
0%
Huenefelda
0%
Husytów
0%
Nie znaleziono quizów pasujących do podanych kryteriów
Rozkład punktacji
Procent ludzi z każdym wynikiem
Percentyl według liczby udzielonych odpowiedzi
Twoja historia wyników
Nie rozwiązałeś tego quizu